000 00275nam a2200109 a 4500
008 090929s1983|||| d
100 1 _aAssolant, A.
245 1 0 _aDobrodružstvá kapittána Korkorána
260 _bMladé letá
_aBratislava
_c1983
041 _aslo
044 _axo
_cSK
999 _c18
_d18